Online
Catalog

La diversidad cultural en América, Åfrica y el Caribe : (Record no. 49415)

MARC details
000 -CABECERA
campo de control de longitud fija 02604nam a2200277 i 4500
003 - IDENTIFICADOR DEL NÚMERO DE CONTROL
campo de control DO-SdBNP
005 - FECHA Y HORA DE LA ÚLTIMA TRANSACCIÓN
campo de control 20250401110712.0
007 - CAMPO FIJO DE DESCRIPCIÓN FÍSICA--INFORMACIÓN GENERAL
campo de control de longitud fija ta
008 - DATOS DE LONGITUD FIJA--INFORMACIÓN GENERAL
campo de control de longitud fija 210219b2011 dr |||||r|||| 001 0 spa d
020 ## - NÚMERO INTERNACIONAL ESTÁNDAR DEL LIBRO
Número Internacional Estándar del Libro 9789945447576
040 ## - FUENTE DE LA CATALOGACIÓN
Centro catalogador/agencia de origen DO-SdBNP
Lengua de catalogación spa
Centro/agencia transcriptor BNPHU
Normas de descripción rda
082 #4 - NÚMERO DE LA CLASIFICACIÓN DECIMAL DEWEY
Número de clasificación xxx
Número de documento/Ítem D618c
Número de edición 22
245 03 - MENCIÓN DE TÍTULO
Título La diversidad cultural en América, Åfrica y el Caribe :
Resto del título problemática y perspectivas para su protección y promoción /
Mención de responsabilidad, etc. coordinador, José G. Guerrero
264 #4 - PRODUCCIÓN, PUBLICACIÓN, DISTRIBUCIÓN, FABRICACIÓN Y COPYRIGHT
Producción, publicación, distribución, fabricación y copyright Santo Domingo :
Nombre del de productor, editor, distribuidor, fabricante Editora Universitaria-UASD
Fecha de producción, publicación, distribución, fabricación o copyright ©2011.
300 ## - DESCRIPCIÓN FÍSICA
Extensión 238 páginas ;
Dimensiones 22 cm
336 ## - TIPO DE CONTENIDO
Término de tipo de contenido texto
Código de tipo de contenido txt
Fuente rdacontent
337 ## - TIPO DE MEDIO
Nombre/término del tipo de medio sin mediación
Código del tipo de medio n
Fuente rdamedia
338 ## - TIPO DE SOPORTE
Nombre/término del tipo de soporte volumen
Código del tipo de soporte nc
Fuente rdacarrier
500 ## - NOTA GENERAL
Nota general Coloquio internacional sobre la diversidad cultural y el desarrollo entre Åfrica, América, y el Caribe y su diáspora: de la ratificación a la implementación de la Convención de la UNESCO sobre la protección y la promoción de la diversidad de las expresiones culturales.
504 ## - NOTA DE BIBLIOGRAFÍA, ETC.
Nota de bibliografía, etc. Bibliografía : páginas 221-224
505 2# - NOTA DE CONTENIDO CON FORMATO
Nota de contenido con formato Introducción--
Título Discurso inaugural--
-- La UASD y la diversidad cultural--
-- Problemática etno-histórica de la diversidad cultural--
-- La diversidad cultural en Åfrica, América y el Caribe.
-- Fuentes históricas de la diversidad cultural y problemas actuales ligados a la colonización de Åfrica negra--
-- Debate sobre esclavitud y cultura--
-- Diversidad cultural en el Caribe--
-- Identidad y sus matices en un Caribe afroamericano--
-- Migraciones intercoloniales de esclavos en el Caribe y procesos de identidad y solidaridad en comunidades de negros libres--
-- Estéticas afrocaribeñas y la valoración de la diversidad--
-- Diversidad cultural en Jamaica y el Caribe inglés--
-- Debate sobre las etnias africanas--
-- Diversidad cultural en Haití y República Dominicana--
-- Diversidad cultural, Estados Unidos y la élite haitiana (1860-1898)--
-- Clases sociales, prejuicio y diversidad cultural en Santo Domingo--
-- Migración, racismo e identidad en Santo Domingo--
-- Implementación de la convención de la diversidad cultural. el Estado y la convención de la diversidad cultural--
-- Panorama del patrimonio cultural inmaterial.
-- Diversidad cultural e investigación en República Dominicana--
-- Experiencias en la implementación de la convención de la diversidad cultural--
-- Debate sobre la diversidad cultural y su implementación--
-- Expositores según orden de ponencia.
590 ## - NOTA LOCAL (RLIN)
Nota local Inventariado, 2025/BT
700 ## - PUNTO DE ACCESO ADICIONAL--NOMBRE DE PERSONA
Nombre de persona Guerrero , José G.,
Término indicativo de función/relación coordinador
Código de función/relación coord.
9 (RLIN) 77864
710 2# - PUNTO DE ACCESO ADICIONAL--NOMBRE DE ENTIDAD CORPORATIVA
Código de función/relación Universidad Autónoma de Santo Domingo (UASD)
942 ## - ELEMENTOS DE PUNTO DE ACCESO ADICIONAL (KOHA)
Fuente del sistema de clasificación o colocación Dewey Decimal Classification
Tipo de ítem Koha Libro
Holdings
Estado de retiro Estado de pérdida Fuente del sistema de clasificación o colocación Restricciones de uso No para préstamo Código de colección Localización permanente Ubicación/localización actual Ubicación en estantería Fecha de adquisición Fuente de adquisición Total de préstamos Signatura topográfica completa Código de barras Fecha visto por última vez Precio válido a partir de Tipo de ítem Koha Número de copia
    Dewey Decimal Classification Excluido de préstamo   Patrimonio Dominicano Biblioteca Nacional Pedro Henríquez Ureña Biblioteca Nacional Pedro Henríquez Ureña En catalogación 06.12.2018 Donado por Nieves L. Enutenio Rondón   BNPHU PD D618c 2021-0315 19.02.2021 19.02.2021 Libro  
    Dewey Decimal Classification Excluido de préstamo   Patrimonio Dominicano Biblioteca Nacional Pedro Henríquez Ureña Biblioteca Nacional Pedro Henríquez Ureña En catalogación 01.04.2025 Donado por Ilonka Nacidif Perdomo.   BNPHU PD D618c 2025-2306 01.04.2025 01.04.2025 Libro e.2

Powered by Koha